Entrada Nombre geográfico
Número de registros utilizados en: 1
001 - NÚMERO DE CONTROL
003 - IDENTIFICADOR DEL NÚMERO DE CONTROL
- campo de control:
DR-UNIBE
005 - FECHA Y HORA DE LA ÚLTIMA TRANSACCIÓN
- campo de control:
20250526152342.0
008 - DATOS DE LONGITUD FIJA
- campo de control de longitud fija:
250526|| aca||aabn | a|a d
040 ## - FUENTE DE LA CATALOGACIÓN
- Centro catalogador/agencia de origen:
DR-UNIBE
- Centro/agencia transcriptor:
DR-UNIBE
151 ## - ENCABEZAMIENTO--NOMBRE GEOGRÁFICO
- Nombre geográfico:
República Dominicana
- Subdivisión general:
Historia
- Subdivisión cronológica:
España Boba, 1809-1821
670 ## - FUENTE DE DATOS ENCONTRADOS
- Cita de la fuente:
Work cat.: (DR-UNIBE)113681: Vega B., Wenceslao (Vega Boyrie, Wenceslao Nicolás) 1932- autor 195939, La constitución de Cádiz y Santo Domingo /, 2008